Central Library OPAC University of Rajshahi

Computer data-base organization / (Record no. 39981)

MARC details
000 -LEADER
fixed length control field 00951pam a2200289 i 4500
001 - CONTROL NUMBER
control field 39981
003 - CONTROL NUMBER IDENTIFIER
rucl marc code BD-RjUL
005 - DATE AND TIME OF LATEST TRANSACTION
control field 20211209053118.0
008 - FIXED-LENGTH DATA ELEMENTS--GENERAL INFORMATION
fixed length control field 761222r19961977njua b 001 0 eng
020 ## - INTERNATIONAL STANDARD BOOK NUMBER
International Standard Book Number 0131654233
International Standard Book Number 8120303369
Terms of availability : Rs 195.00
035 ## - SYSTEM CONTROL NUMBER
System control number (BD-RjUL)40095
040 ## - CATALOGING SOURCE
Original cataloging agency DLC
Transcribing agency DLC
Modifying agency MYG
-- BD-RjUL
Language of cataloging eng
041 ## - LANGUAGE CODE
Language code of text/sound track or separate title eng
082 ## - DEWEY DECIMAL CLASSIFICATION NUMBER
Edition number 23
Classification number 005.74
Author mark and year MAC 1996
100 1# - MAIN ENTRY--PERSONAL NAME
Personal name Martin, James,
Dates associated with a name 1933-2013.
9 (RLIN) 123142
245 10 - TITLE STATEMENT
Title Computer data-base organization /
Statement of responsibility, etc. James Martin.
250 ## - EDITION STATEMENT
Edition statement 2nd ed.
260 ## - PUBLICATION, DISTRIBUTION, ETC. (IMPRINT)
Place of publication, distribution, etc. Englewood Cliffs, N.J. ;
-- New Delhi :
Name of publisher, distributor, etc. Prentice-Hall,
Date of publication, distribution, etc. c1977 [Reprinted 1996].
300 ## - PHYSICAL DESCRIPTION
Pagination xviii, 713 p. :
Illustrations ill. ;
Size 25 cm.
490 1# - SERIES STATEMENT
Series statement Prentice-Hall series in automatic computation
504 ## - BIBLIOGRAPHY, ETC. NOTE
Bibliography, etc Includes bibliographical references and index.
650 #0 - SUBJECT ADDED ENTRY--TOPICAL TERM
Topical term or geographic name as entry element Database management.
9 (RLIN) 117949
830 #0 - SERIES ADDED ENTRY--UNIFORM TITLE
Uniform title Prentice-Hall series in automatic computation.
942 ## - ADDED ENTRY ELEMENTS (KOHA)
Source of classification or shelving scheme Dewey Decimal Classification
Koha item type Books
Holdings
Lost status Source of classification or shelving scheme Damaged status Not for loan Collection code Permanent Location Current Location Shelving location Date acquired Source of acquisition Cost, normal purchase price Total Checkouts Full call number Date last seen Copy number Koha item type
  Dewey Decimal Classification   Not For Loan Non-fiction Central Library, University of Rajshahi Central Library, University of Rajshahi Reading Room 21/03/1998 Dhaka, Ahsania Mission 253.50   005.74 MAC 1996 20/04/2016 C-1 Books
  Dewey Decimal Classification     Non-fiction Central Library, University of Rajshahi Central Library, University of Rajshahi     Dhaka, Ahsonia mission Book House, 253.50   005.74 MAC 1996 02/11/2016 C-2 Books